| Tag |
First Indicator |
Second Indicator |
Subfields |
| LEADER |
00000cam a2200000 4500 |
| 001 |
in00000076329 |
| 005 |
20151008052655.0 |
| 008 |
721004s1932 ohu 00000 eng u |
| 010 |
|
|
|a 33014393
|
| 035 |
|
|
|a (OCoLC)00421865
|
| 035 |
|
|
|9 AAH4401AM
|
| 040 |
|
|
|c URB
|d TXA
|d UtOrBLW
|
| 049 |
|
|
|a TXAM
|c 1 [53232]
|
| 050 |
|
0 |
|a LB2334
|b .B55
|
| 092 |
|
|
|a 371.161
|b B725s
|
| 100 |
1 |
|
|a Boothe, Viva B.
|q (Viva Belle),
|d 1893-
|
| 245 |
1 |
0 |
|a Salaries and the cost of living in twenty-seven state universities and colleges, 1913-1932 /
|c by Viva Boothe ...
|
| 264 |
|
1 |
|a Columbus :
|b The Ohio state university press,
|c 1932.
|
| 300 |
|
|
|a xvi pages, 1 leaf, 158 pages :
|b tables (part folded) diagrams
|
| 336 |
|
|
|a text
|b txt
|2 rdacontent
|
| 337 |
|
|
|a unmediated
|b n
|2 rdamedia
|
| 338 |
|
|
|a volume
|b nc
|2 rdacarrier
|
| 650 |
|
0 |
|a Teachers
|z United States
|x Salaries, etc.
|
| 650 |
|
0 |
|a Educators
|z United States.
|
| 650 |
|
0 |
|a Cost and standard of living
|z United States.
|
| 710 |
2 |
|
|a Ohio State University.
|b Bureau of Business Research.
|
| 999 |
|
|
|a MARS
|
| 999 |
f |
f |
|s 4dec9025-8071-3285-a2da-e6c34bc193e5
|i b736f078-9e2a-33c7-935e-03ccd2892a58
|t 0
|
| 952 |
f |
f |
|p normal
|a Texas A&M University
|b College Station
|c Sterling C. Evans Library
|d Evans: Library Stacks
|t 0
|e LB2334 .B55
|h Library of Congress classification
|i unmediated -- volume
|m A14800830761
|
| 998 |
f |
f |
|a LB2334 .B55
|t 0
|l Evans: Library Stacks
|